Vampire Diaires Quiz - Statistics

General Stats
  • This quiz has been taken 363 times
  • The average score is 14 of 15
Answer Stats
Question Answer % Correct
Who turned Stefan and Damon into a vampire Katherine
99%
What is the name of the Originals family called Mikealsons
99%
How is the Werewolf Curse triggered By killing someone
98%
Who is Elena Gilbert's doppelganger Katherine
98%
Who are the member's of the Original family (the children) Elijah, Finn, Niklaus, Kol, Rebekah, Henrik
97%
What is the town called where Vampire Diaries is set Mystic Falls
97%
What are the names of Alaric's twins Josie and Lizzie
96%
Who did Caroline get married to in Season 8 Stefan
96%
Who was the first girl Jeremy fell in love with Vicki
96%
Where did Katherine Pierces grow up Bulgaria
94%
Who is Elena Gilbert's first boyfriend Matt
94%
Who did Elena first meet Damon
92%
What does the herb Vervain do Protects humans from vampires
91%
Who said, "I'm supposed to be running three different prom committees right now and you keep phone stalking me!"? Caroline
89%
Who manipulates Caroline in Season 1 Damon
87%
No matching quizzes found
Score Distribution
Percent of People with Each Score
Percentile by Number Answered
Your Score History
You have not taken this quiz